Green Day Grammy Wins and Nominations - Statistics

General Stats
  • This quiz has been taken 27 times
  • The average score is 12 of 19
Answer Stats
Year Award Win or Loss Song/Album/Performance/Film/Artist/Video % Correct
2005 Best Rock Album Win American Idiot
100%
2005 Best Short Form Music Video Loss American Idiot
100%
2005 Album Of The Year Loss American Idiot
100%
2005 Best Rock Performance By A Duo Or Group With Vocal Loss American Idiot
100%
2005 Record Of The Year Loss American Idiot
100%
2010 Best Rock Album Win 21st Century Breakdown
76%
2025 Best Rock Album Loss Saviors
76%
1995 Best Rock Performance By A Duo Or Group With Vocal Loss Basket Case
67%
2006 Record of the Year Win Boulevard of Broken Dreams
67%
1995 Best Alternative Music Performance Win Dookie
67%
2010 Best Rock Performance By A Duo Or Group With Vocals Loss 21 Guns
62%
1995 Best New Artist Loss Green Day
62%
2025 Best Rock Performance Loss The American Dream is Killing Me
48%
1995 Best Hard Rock Performance Loss Longview
38%
2007 Best Rock Performance By A Duo Or Group With Vocal Loss The Saints are Coming
24%
1997 Best Short Form Music Video Loss Walking Contradiction
24%
2008 Best Rock Performance By A Duo Or Group With Vocals Loss Working Class Hero
24%
2000 Best Rock Instrumental Performance Loss Espionage
14%
2014 Best Rock Film Loss ¡Cuatro!
10%
No matching quizzes found
Score Distribution
Percent of People with Each Score
Percentile by Number Answered
Your Score History
You have not taken this quiz